00246nam a2200085Ia 4500008004100000100002400041245004400065260004200109260000900151170620s9999 xx 000 0 und d aBala- Jampala Madhu 0aAdjustment Problems of Hearing Impaired bNew Delhi- Discovery Publishing House c2006